Normal view MARC view
  • Epps, Jon A.

Entry Personal Name

Number of records used in: 4

001 - CONTROL NUMBER

  • control field: 21659

003 - CONTROL NUMBER IDENTIFIER

  • control field: NUST

005 - DATE AND TIME OF LATEST TRANSACTION

  • control field: 20190926151006.0

008 - FIXED-LENGTH DATA ELEMENTS

  • fixed length control field: 190926|| aca||aabn | a|a d

040 ## - CATALOGING SOURCE

  • Original cataloging agency: NUST
  • Transcribing agency: NUST

100 ## - HEADING--PERSONAL NAME

  • Personal name: Epps, Jon A.

670 ## - SOURCE DATA FOUND

  • Source citation: Work cat.: (NUST)0: Epps, Jon A., Equipment for obtaining pavement condition and traffic loading data /, [1986]
© 2023 Central Library, National University of Sciences and Technology. All Rights Reserved.